000 00552nam a2200193Ia 4500
005 20250508162705.0
008 008 250505s9999 xx 000 0 eng d
037 _aTextual
040 _aFEDL
_beng
_cFEDL
041 _aeng
_2eng
084 _a658.154, JOS
_qFEDL
100 _aJoshi P L
245 0 _aTechniques of zero base budgeting text and cases
260 _aBombay, India
_bHimalaya Publishing House
_c1998
300 _a261p.
700 _a Raja V P
_9773822
942 _cTEXL
_h658.154, JOS
999 _c1378074
_d1378074